[Event "CHN Team"]
[Site "Zhongshan"]
[Date "2015.07.15"]
[Round "10"]
[White "Bao, Qilin"]
[Black "Liu, Xinhao"]
[Result "1-0"]
[WhiteElo "2253"]
[BlackElo "1929"]
[PlyCount "61"]
[EventDate "2015.07.11"]
[EventType "team-swiss"]
[EventRounds "11"]
[EventCountry "CHN"]
[SourceTitle "CBM 167 Extra"]
[Source "ChessBase"]
[SourceDate "2015.09.14"]
[SourceVersion "1"]
[SourceVersionDate "2015.09.14"]
[SourceQuality "1"]
[WhiteTeam "Heilongjiang"]
[BlackTeam "Longgang District"]
[WhiteTeamCountry "CHN"]
[BlackTeamCountry "CHN"]

1. Nf3 d5 2. g3 g6 3. Bg2 Bg7 4. 0-0 Nd7 5. c4 c6 6. cxd5 cxd5 7. Nc3 Ngf6 8. Qb3 e6 9. d4 0-0 10. Bf4 a6 11. Rfc1 Qb6 12. Qd1 Ne4 13. e3 f5 14. Na4 Qd8 15. Bc7 Qe8 16. Ne5 Bxe5 17. dxe5 b5 18. Nc3 Bb7 19. Nxe4 dxe4 20. Bd6 Rf7 21. Qd4 Nb8 22. Bf1 Bd5 23. Rc5 Nc6 24. Qc3 Nd8 25. Rc8 Rxc8 26. Qxc8 Bb7 27. Qb8 Rd7 28. Rc1 Kf7 29. Rc7 Bc6 30. Qb6 Bb7 31. Rxd7+ 1-0

[Event "CHN Team"]
[Site "Zhongshan"]
[Date "2015.07.12"]
[Round "4"]
[White "Liu, Xinhao"]
[Black "Wang, Jiaqi"]
[Result "1-0"]
[WhiteElo "1929"]
[BlackElo "1971"]
[PlyCount "63"]
[EventDate "2015.07.11"]
[EventType "team-swiss"]
[EventRounds "11"]
[EventCountry "CHN"]
[SourceTitle "CBM 167 Extra"]
[Source "ChessBase"]
[SourceDate "2015.09.14"]
[SourceVersion "1"]
[SourceVersionDate "2015.09.14"]
[SourceQuality "1"]
[WhiteTeam "Longgang District"]
[BlackTeam "Xiamen Blue Hat"]
[WhiteTeamCountry "CHN"]
[BlackTeamCountry "CHN"]

1. e4 e5 2. Nf3 Nc6 3. Bc4 Bc5 4. c3 Nf6 5. d3 d6 6. Bb3 a6 7. h3 h6 8. Nbd2 Ne7 9. d4 exd4 10. cxd4 Ba7 11. 0-0 0-0 12. e5 dxe5 13. dxe5 Nfd5 14. Ne4 b5 15. a4 Bb7 16. Nh4 Qd7 17. Qh5 Qc6 18. Bd2 Nf4 19. Nf6+ Qxf6 20. exf6 Nxh5 21. fxe7 Rfe8 22. Rfe1 Nf6 23. Nf5 Bc8 24. Bc2 Be6 25. axb5 axb5 26. Bc3 Bc5 27. Rxa8 Rxa8 28. Nxh6+ gxh6 29. Bxf6 Re8 30. Be4 Bxe7 31. Bc6 Bb4 32. Re4 1-0